Logo BPK

Biblioteka

Politechniki Koszalińskiej

All quiet on the western front / (Rekord nr 48039)

Szczegóły MARC
000 -ETYKIETA REKORDU
podpole kontrolne o stałej długości 00586nam a2200205 i 4500
001 - NUMER KONTROLNY REKORDU
pole kontrolne bgj
020 ## - MIĘDZYNARODOWY ZNORMALIZOWANY NUMER KSIĄŻKI - ISBN
ISBN pbk
040 ## - ŹRÓDŁO KATALOGOWANIA
Instytucja, która utworzyła rekord BPK
041 1# - KOD JĘZYKA
Kod języka tekstu eng
Kod języka oryginału dede
008 - POLE O STAŁEJ DŁUGOŚCI - DANE KONTROLNE
podpole kontrolne o stałej długości s uk f |000 0 eng
100 1# - NAZWA OSOBOWA
Nazwa osobowa REMARQUE, Erich Maria
245 10 - TYTUŁ/ODPOWIEDZIALNOŚĆ
Tytuł All quiet on the western front /
Pozostałe elementy strefy tytułu i oznaczenia odpowiedzialności Erich Maria Remarque.
260 ## - STREFA ADRESU WYDAWNICZEGO
Miejsce wydania Greenwich, Ct :
Nazwa wydawcy/dystrybutora Fawcett Publ.,
Data publikacji, dystrybucji/powstania dokumentu cop. 1958.
300 ## - STREFA OPISU FIZYCZNEGO
Objętość 175 pp ;
Rozmiary 18 cm.
490 1# - STREFA SERII I DOKUMENTU WIELOCZĘŚCIOWEGO - FORMA NIE DO WYSZUKIWANIA
Tytuł i oznaczenie odpowiedzialności serii A Fawcett crest book
500 ## - UWAGI OGÓLNE
Tekst uwagi German title: Im western nichts neues.
650 #9 - HASŁO PRZEDMIOTOWE W FORMIE NAZWY OGÓLNEJ LUB JEDNOSTKOWEJ
Nazwa ogólna lub geograficzna German fiction
Określnik chronologiczny 20th century
830 ## - HASŁO DODATKOWE SERII LUB DOKUMENTU WIELOCZĘŚCIOWEGO - TYTUŁ UJEDNOLICONY
Tytuł ujednolicony A Fawcett crest book
856 ## - LOKALIZACJA I DOSTĘP DO ELEKTRONICZNYCH DOKUMENTÓW ZDALNYCH
Link (URL) http://koha.tu.koszalin.pl/cgi-bin/koha/opac-detail.pl?biblionumber=48039
Tekst linku Katalog online BPK
942 ## - DODATKOWE ELEMENTY (KOHA)
Typ dokumentu Książka
Egzemplarze
Wycofany Status egzemplarza Uszkodzony Dostępność Lokalizacja stała Lokalizacja bieżąca Miejsce przechowywania Sygnatura Kod kreskowy Typ dokumentu
      Dostępny Biblioteka Politechniki Koszalińskiej Biblioteka Politechniki Koszalińskiej Wypożyczalnia Językowa KA 4997 09031883 Książka
© 2023 Biblioteka Politechniki Koszalińskiej :: KOHA